<?xml version="1.0" encoding="UTF-8"?>
<collection xmlns="http://www.loc.gov/MARC21/slim">
<record>
  <controlfield tag="001">161778</controlfield>
  <controlfield tag="005">20251017144618.0</controlfield>
  <datafield tag="024" ind1="7" ind2=" ">
    <subfield code="2">doi</subfield>
    <subfield code="a">10.1002/adfm.202503644</subfield>
  </datafield>
  <datafield tag="024" ind1="8" ind2=" ">
    <subfield code="2">sideral</subfield>
    <subfield code="a">144467</subfield>
  </datafield>
  <datafield tag="037" ind1=" " ind2=" ">
    <subfield code="a">ART-2025-144467</subfield>
  </datafield>
  <datafield tag="041" ind1=" " ind2=" ">
    <subfield code="a">eng</subfield>
  </datafield>
  <datafield tag="100" ind1=" " ind2=" ">
    <subfield code="a">Legrand, William</subfield>
  </datafield>
  <datafield tag="245" ind1=" " ind2=" ">
    <subfield code="a">Lattice-Tunable Substituted Iron Garnets for Low-Temperature Magnonics</subfield>
  </datafield>
  <datafield tag="260" ind1=" " ind2=" ">
    <subfield code="c">2025</subfield>
  </datafield>
  <datafield tag="520" ind1="3" ind2=" ">
    <subfield code="a">The synthesis of nm-thick epitaxial films of iron garnets by physical vapor deposition has opened up exciting opportunities for the on-chip generation and processing of microwave signals encoded in magnons. However, iron garnet thin films suffer from demanding lattice-matching and stoichiometry requirements. Here a new approach to their synthesis is developed, enabling a precise and continuous tuning of iron garnet compositions based on the co-sputtering of binary oxides. By substituting a controlled proportion of iron with additional yttrium, Y3(YxFe5−x)O12 films of high crystalline quality are obtained, combining a widely tunable lattice parameter and excellent magnetization dynamics. This enables iron garnet thin films suited for cryogenic applications, which have long remained impractical due to microwave losses caused by paramagnetic garnet substrates. Low-temperature ferromagnetic resonance confirms the elimination of substrate paramagnetic losses for Y3(YxFe5−x)O12 films lattice-matched to Y3Sc2Ga3O12 (YSGG), a diamagnetic substrate. The Y3(YxFe5−x)O12 system can be matched to other substrates such as (Gd, Y)3Sc2Ga3O12. Bi-substituted films of (Bi0.8Y2.2)Fe5O12 also have ideal lattice matching to YSGG, demonstrating the versatility of this approach. This opens unprecedented options for cation substitutions in iron garnet films, offering a promising avenue to new properties and quantum magnonic devices operating in low-temperature environments.</subfield>
  </datafield>
  <datafield tag="536" ind1=" " ind2=" ">
    <subfield code="9">info:eu-repo/grantAgreement/EC/H2020/101007825/EU/ULtra ThIn MAgneto Thermal sEnsor-Ing/ULTIMATE-I</subfield>
    <subfield code="9">This project has received funding from the European Union’s Horizon 2020 research and innovation program under grant agreement No H2020 101007825-ULTIMATE-I</subfield>
    <subfield code="9">info:eu-repo/grantAgreement/EC/H2020/872631 /EU/Memristive and multiferroic materials for emergent logic units in nanoelectronics/MELON</subfield>
    <subfield code="9">This project has received funding from the European Union’s Horizon 2020 research and innovation program under grant agreement No H2020 872631 -MELON</subfield>
  </datafield>
  <datafield tag="540" ind1=" " ind2=" ">
    <subfield code="9">info:eu-repo/semantics/closedAccess</subfield>
    <subfield code="a">All rights reserved</subfield>
    <subfield code="u">http://www.europeana.eu/rights/rr-f/</subfield>
  </datafield>
  <datafield tag="655" ind1=" " ind2="4">
    <subfield code="a">info:eu-repo/semantics/article</subfield>
    <subfield code="v">info:eu-repo/semantics/publishedVersion</subfield>
  </datafield>
  <datafield tag="700" ind1=" " ind2=" ">
    <subfield code="a">Kemna, Yana</subfield>
  </datafield>
  <datafield tag="700" ind1=" " ind2=" ">
    <subfield code="a">Schären, Stefan</subfield>
  </datafield>
  <datafield tag="700" ind1=" " ind2=" ">
    <subfield code="a">Wang, Hanchen</subfield>
  </datafield>
  <datafield tag="700" ind1=" " ind2=" ">
    <subfield code="a">Petrosyan, Davit</subfield>
  </datafield>
  <datafield tag="700" ind1=" " ind2=" ">
    <subfield code="a">Holder, Luise</subfield>
  </datafield>
  <datafield tag="700" ind1=" " ind2=" ">
    <subfield code="a">Schlitz, Richard</subfield>
  </datafield>
  <datafield tag="700" ind1=" " ind2=" ">
    <subfield code="a">Aguirre, Myriam H.</subfield>
    <subfield code="u">Universidad de Zaragoza</subfield>
    <subfield code="0">(orcid)0000-0002-1296-4793</subfield>
  </datafield>
  <datafield tag="700" ind1=" " ind2=" ">
    <subfield code="a">Lammel, Michaela</subfield>
  </datafield>
  <datafield tag="700" ind1=" " ind2=" ">
    <subfield code="a">Gambardella, Pietro</subfield>
  </datafield>
  <datafield tag="710" ind1="2" ind2=" ">
    <subfield code="1">2003</subfield>
    <subfield code="2">395</subfield>
    <subfield code="a">Universidad de Zaragoza</subfield>
    <subfield code="b">Dpto. Física Materia Condensa.</subfield>
    <subfield code="c">Área Física Materia Condensada</subfield>
  </datafield>
  <datafield tag="773" ind1=" " ind2=" ">
    <subfield code="g">(2025), 2503644 [16 pp.]</subfield>
    <subfield code="p">Adv. funct. mater.</subfield>
    <subfield code="t">Advanced Functional Materials</subfield>
    <subfield code="x">1616-301X</subfield>
  </datafield>
  <datafield tag="787" ind1=" " ind2=" ">
    <subfield code="t">Dataset for "Lattice-Tunable Substituted Iron Garnets for Low-Temperature Magnonics"</subfield>
    <subfield code="w">https://www.research-collection.ethz.ch/handle/20.500.11850/739804</subfield>
  </datafield>
  <datafield tag="856" ind1="4" ind2=" ">
    <subfield code="s">4559958</subfield>
    <subfield code="u">http://zaguan.unizar.es/record/161778/files/texto_completo.pdf</subfield>
    <subfield code="y">Versión publicada</subfield>
  </datafield>
  <datafield tag="856" ind1="4" ind2=" ">
    <subfield code="s">2426193</subfield>
    <subfield code="u">http://zaguan.unizar.es/record/161778/files/texto_completo.jpg?subformat=icon</subfield>
    <subfield code="x">icon</subfield>
    <subfield code="y">Versión publicada</subfield>
  </datafield>
  <datafield tag="909" ind1="C" ind2="O">
    <subfield code="o">oai:zaguan.unizar.es:161778</subfield>
    <subfield code="p">articulos</subfield>
    <subfield code="p">driver</subfield>
  </datafield>
  <datafield tag="951" ind1=" " ind2=" ">
    <subfield code="a">2025-10-17-14:20:39</subfield>
  </datafield>
  <datafield tag="980" ind1=" " ind2=" ">
    <subfield code="a">ARTICLE</subfield>
  </datafield>
</record>
</collection>